Ανίχνευση των συγκρούσεων στο Δημοτικό σχολείο : καταγραφή των αντιλήψεων των μαθητών για τα αίτια, τις στρατηγικές επίλυσης και τα αποτελέσματα τους : διπλωματική εργασία

Saved in:
Bibliographic Details
Main Author: Δεληβέρη-Παπακωνσταντίνου, Καλλιόπη
Corporate Author: Πανεπιστήμιο Αιγαίου Σχολή Ανθρωπιστικών Επιστημών Τμήμα Επιστημών της Προσχολικής Αγωγής και του Εκπαιδευτικού Σχεδιασμού Πρόγραμμα Μεταπτυχιακών Σπουδών Μοντέλα Σχεδιασμού και Ανάπτυξης Εκπαιδευτικών Μονάδων
Other Authors: Ξανθάκου, Γιώτα Π. (dgsf)
Format: Thesis Book
Language:Greek
Published: 2008.
Subjects:
Online Access:http://hdl.handle.net/11610/14406
Tags: Add Tag
No Tags, Be the first to tag this record!

MARC

LEADER 00000cam a2200000 i 4500
001 1/101734
008 090225s2008 gre d
035 |l 10103383 
040 |a GR-MY-UA  |b gre  |e aacr 
041 0 |a gre 
082 0 |a 371.58  |2 (22) 
100 1 |a Δεληβέρη-Παπακωνσταντίνου, Καλλιόπη. 
245 1 0 |a Ανίχνευση των συγκρούσεων στο Δημοτικό σχολείο :   |b καταγραφή των αντιλήψεων των μαθητών για τα αίτια, τις στρατηγικές επίλυσης και τα αποτελέσματα τους : διπλωματική εργασία /   |c Καλλιόπη Δεληβέρη-Παπακωνσταντίνου ; επιβλέπουσα: Ποτίτσα Ξανθάκου.  
260 |c 2008.  
300 |a 148 σ. ;   |c 30 εκ.  
500 |a Μέλη εξεταστικής επιτροπής: Μαρία Καΐλα, Θωμάς Μπαμπάλης.  
502 |a Διατριβή (μεταπτυχιακή) – Πανεπιστήμιο Αιγαίου, Ρόδος, 2008. 
504 |a Βιβλιογραφία: σ. 135-148.  
650 0 0 |a Students  |x Attitudes  |x Case studies. 
650 0 0 |a School violence  |x Prevention. 
650 0 0 |a Violence in children. 
650 0 0 |a Conflict (Psychology) in children. 
650 0 0 |a Dissertations, Academic  |z Greece. 
700 1 |a Ξανθάκου, Γιώτα Π.  |e dgsf 
710 2 |a Πανεπιστήμιο Αιγαίου   |b Σχολή Ανθρωπιστικών Επιστημών   |b Τμήμα Επιστημών της Προσχολικής Αγωγής και του Εκπαιδευτικού Σχεδιασμού   |b Πρόγραμμα Μεταπτυχιακών Σπουδών Μοντέλα Σχεδιασμού και Ανάπτυξης Εκπαιδευτικών Μονάδων . 
852 |a INST  |b RHODES  |c DIATR  |e 20090225  |h 371.58 ΔΕΛ  |p 005400031912  |q 005400031912  |t MTXE  |y 23 
852 |a INST  |b RHODES  |c DIATR  |e 20090225  |h 371.58 ΔΕΛ  |p 005400031913  |q 005400031913  |t MTXE  |y 23 
856 |u http://hdl.handle.net/11610/14406 
901 |a BIBL4-2009-1 
909 |a Ρ  |b 156914 
909 |a Ρ  |b 156915 
924 |a ΔΕΛΗΒΕΡΗ-ΠΑΠΑΚΩΝΣΤΑΝΤΙΝΟΥ  |b ΚΑΛΛΙΟΠΗ  |y ΡΟΔΟΣ  |z 2009-01 
970 |a ΚΟΖΑ  |b ΜΑΡΙΑ  |z 2009/02/25